Squadre con più Sconfitte in Serie A - Statistics

Statistiche generali
  • Questo quiz è stato fatto 151 volte
    69 dall'ultimo reset
  • Il punteggio medio è 14 su 15
Statistiche sulle risposte
Sconfitte Squadra % Corretto
693 Inter
98%
557 Juventus
98%
684 Milan
98%
889 Fiorentina
97%
764 Genoa
97%
909 Lazio
95%
871 Roma
95%
823 Sampdoria
95%
813 Atalanta
93%
755 Napoli
93%
852 Torino
93%
873 Bologna
90%
707 Udinese
89%
594 Cagliari
85%
472 Verona
75%
Nessun quiz corrispondente trovato
Distribuzione punteggi
Percentuale di utenti per punteggio
Percentile per numero di risposta
I tuoi punteggi nel tempo
Non hai fatto questo quiz dall'ultimo reset